000 00712nam a2200157Ia 4500
008 090124s9999 xx 000 0 und d
082 _b33008
245 _a खासदार अटलबिहारी वाजपेयी संसदेतील तीन तपे
250 _a0
260 _bनितीन प्रकाशन पुणे 4
_c1995
300 _a13+301
630 _a खासदार अटलबिहारी वाजपेयी संसदेतील तीन तपे
700 _a"लेले, अरविंद"
730 _a खासदार अटलबिहारी वाजपेयी संसदेतील तीन तपे
942 _cBOOK
999 _c98937
_d98937